Master Works of Mexican Art (Record no. 4762)

MARC details
000 -CABECERA
campo de control de longitud fija 00957nam a2200265 a 4500
001 - NÚMERO DE CONTROL
campo de control BRCA_5068
005 - FECHA Y HORA DE LA ÚLTIMA TRANSACCIÓN
campo de control 20190320204926.0
008 - DATOS DE LONGITUD FIJA--INFORMACIÓN GENERAL
campo de control de longitud fija 091110s1963----dk-a######---#000-0#eng-#
041 ## - CÓDIGO DE LENGUA
Código de lengua del texto/banda sonora o título independiente eng
044 ## - CÓDIGO DEL PAÍS DE LA ENTIDAD EDITORA/PRODUCTORA
Código MARC del país dk
050 #4 - SIGNATURA TOPOGRÁFICA DE LA BIBLIOTECA DEL CONGRESO
Número de clasificación N6550
Número de documento/Ítem .M37 1963
245 10 - MENCIÓN DE TÍTULO
Título Master Works of Mexican Art
Resto del título from pre-columbian times to the present.
260 ## - PUBLICACIÓN, DISTRIBUCIÓN, ETC.
Lugar de publicación, distribución, etc. Dinamarca
Nombre del editor, distribuidor, etc. S. L. Moller´s Bogtrykkeri
Fecha de publicación, distribución, etc. c1963
300 ## - DESCRIPCIÓN FÍSICA
Extensión xvii, 296 p.
Otras características físicas il.
Dimensiones 24 cm.
500 ## - NOTA GENERAL
Nota general Incluye listas de abreviaturas utilizadas en el texto
500 ## - NOTA GENERAL
Nota general Catálogo de la exposición realizada en Los Angeles County Museum of Art, octubre, 1963 - enero, 1964
500 ## - NOTA GENERAL
Nota general Estado físico: lomo deteriorado y roto de la parte superior
500 ## - NOTA GENERAL
Nota general D157
504 ## - NOTA DE BIBLIOGRAFÍA, ETC.
Nota de bibliografía, etc. Bibliografía: p. 292-296
650 14 - PUNTO DE ACCESO ADICIONAL DE MATERIA--TÉRMINO DE MATERIA
Término de materia o nombre geográfico como elemento de entrada Arte mexicano
Subdivisión de forma Exposiciones
9 (RLIN) 12923
650 14 - PUNTO DE ACCESO ADICIONAL DE MATERIA--TÉRMINO DE MATERIA
Término de materia o nombre geográfico como elemento de entrada Galerías y museos
Subdivisión geográfica Estados Unidos
9 (RLIN) 7437
710 2# - PUNTO DE ACCESO ADICIONAL--NOMBRE DE ENTIDAD CORPORATIVA
Nombre de entidad corporativa o nombre de jurisdicción como elemento de entrada Museum of Art (Los Angeles County)
9 (RLIN) 12924
902 ## - CATALOGADOR
Iniciales GFM
942 ## - ELEMENTOS DE PUNTO DE ACCESO ADICIONAL (KOHA)
Fuente del sistema de clasificación o colocación Library of Congress Classification
Tipo de ítem Koha Libros
Holdings
Estado de retiro Estado de pérdida Estado dañado No para préstamo Localización permanente Ubicación/localización actual Fecha de adquisición Número de inventario Total de préstamos Signatura topográfica completa Código de barras Fecha visto por última vez Precio válido a partir de Tipo de ítem Koha
El ejemplar forma parte de la colección y puede ser consultado según las políticas vigentes.       Biblioteca del Museo Franz Mayer (Rogerio Casas-Alatriste) Biblioteca del Museo Franz Mayer (Rogerio Casas-Alatriste) 09/11/2010 D157   N6550 .M37 1963 (D157) 5182 22/03/2019 22/03/2019 Libros